| 000 | 01261cam a2200313 i 4500 | ||
|---|---|---|---|
| 001 | 42357 | ||
| 003 | Mx-PuUPA | ||
| 005 | 20230619105342.0 | ||
| 008 | 140415s2019 mx a gr 000 0 spa d | ||
| 020 | _a9786077084785 | ||
| 040 |
_aMx-PuUPA _bspa _cMx-PuUPA _dMx-PuUPA _erda |
||
| 041 | 0 | _aspa | |
| 100 | 1 |
_aDworak, Fernando F., _q(Fernando Francisco) _914130 _eautor |
|
| 245 | 1 | 0 |
_aReelección inmediata, retos de su regulación : _banálisis de la reforma política de 2014 / _cFernando Francisco Dworak Camargo |
| 250 | _a1a edición | ||
| 264 | 1 |
_aCoyoacán, Ciudad de México : _bTribunal Electoral del Poder Judicial de la Federación, _c2019 |
|
| 300 |
_a55 páginas : _btablas ; _c22 cm |
||
| 336 |
_2rdacontent _atexto _btxt |
||
| 337 |
_2rdamedia _asin medio _bn |
||
| 338 |
_2rdacarrier _avolumen _bnc |
||
| 650 | 7 |
_2armarc _aDerecho electoral _zMéxico |
|
| 650 | 7 |
_2armarc _aElecciones _zMéxico _ySiglo XXI |
|
| 650 | 7 |
_2armarc _aElección consecutiva _xReforma política _xAnálisis 2014 _zMéxico |
|
| 942 |
_2ddc _cLI _h342.7207 _iD9932 |
||
| 999 |
_c42357 _d42357 |
||